01574nam a2200361 a 4500001001100000003000800011006001900019007001500038008004100053010001700094020002800111040002100139035002000160050002400180082001600204100002000220245013300240260004700373300002400420490006700444504005100511533015200562600007500714650006900789650004300858650003600901651003700937655002900974710001701003830005201020856012501072999001501197ebr5005021CaPaEBRm u cr cn|||||||||980115s1998 ctua sb 001 0 eng  z 98012147  z0313298777 (alk. paper) aCaPaEBRcCaPaEBR a(OCoLC)5195423614aPR2807b.C67 1998eb04a822.3/32211 aCorum, Richard.10aUnderstanding Hamleth[electronic resource] :ba student casebook to issues, sources, and historical documents /cRichard Corum. aWestport, Conn. :bGreenwood Press,c1998. axxi, 271 p. :bill.1 aThe Greenwood Press "Literature in context" series,x1074-598X aIncludes bibliographical references and index. aElectronic reproduction.bPalo Alto, Calif. :cebrary,d2013.nAvailable via World Wide Web.nAccess may be limited to ebrary affiliated libraries.10aShakespeare, William,d1564-1616.tHamletxExaminationsvStudy guides. 0aLiterature and historyzEnglandxHistoryy16th centuryvSources. 0aHamlet (Legendary character)vSources. 0aPrinces in literaturevSources. 0aDenmarkxIn literaturevSources. 7aElectronic books.2local2 aebrary, Inc. 0aGreenwood Press "Literature in context" series.40uhttp://site.ebrary.com/lib/rucke/Doc?id=5005021zAn electronic book accessible through the World Wide Web; click to view c1502d1502